| 000 | 00440nam a2200205Ia 4500 | ||
|---|---|---|---|
| 001 | 110225 | ||
| 003 | YMCAF | ||
| 005 | 20230512162413.0 | ||
| 008 | 100717s2004 ||||||||||||||||| ||und|d | ||
| 024 | _a110225 | ||
| 035 | _aWB1212 | ||
| 040 |
_aYMCAF _beng _cIN-KoLT |
||
| 041 | _aeng | ||
| 082 |
_a629.222 _bJAI |
||
| 100 | _aJain, K K | ||
| 245 | 0 | _aAutomobile engineering | |
| 260 |
_bTMH _c2004 |
||
| 300 | _a509 | ||
| 942 |
_2ddc _cBK |
||
| 999 |
_c11785 _d11785 |
||